Navegar en internet html 4 : diseño y creacion de páginas web /

Guardado en:
Autor Principal: Soria Momparler, Ramón
Formato: Libro
Publicado: México : Alfaomega
Materias:
Etiquetas: Agregar Etiqueta
Sin Etiquetas, Sea el primero en etiquetar este registro!
LEADER 00859nam a22002175a 4500
001 CEM.cems011369
005 20071016180928.0
008 130507b######################000#0#####d
003 CEMS
020 |a 970150397X 
082 0 4 |a 001.64404 
100 1 |a Soria Momparler, Ramón 
245 1 0 |a Navegar en internet html 4 :  |b diseño y creacion de páginas web /  |c Ramón Soria Momparler 
260 |a México :  |b Alfaomega 
300 |a 201 p. 
505 0 |a HTML -- Texto -- Colores -- Imágenes -- Links -- Listas -- Tablas -- Mapas -- Fames -- Formularios -- Gifs animadas -- ¿Cómo colocar la página en un servidor www? -- Objects, Java y JavaScript -- Style Sheets. Hojas de estilo 
653 |a Internet 
653 |a Web-creación páginas 
653 |a Html 
653 |a Lenguajes de marcado 
859 |a CEMS  |b BIB. CEMS - 11 de abril  |h 001.64404  |i So68  |p 22290.03  |t Ej.1